[Event "EU-Cup 38th"]
[Site "Durres"]
[Date "2023.10.06"]
[Round "6.4"]
[White "De Jong, Jan Willem"]
[Black "Ondersteijn, Niels"]
[Result "1/2-1/2"]
[WhiteElo "2412"]
[BlackElo "2370"]
[PlyCount "169"]
[EventDate "2023.10.01"]
[EventType "team-swiss"]
[EventRounds "7"]
[EventCountry "ALB"]
[SourceTitle "EXT 2024"]
[Source "ChessBase"]
[SourceDate "2023.10.10"]
[SourceVersion "1"]
[SourceVersionDate "2023.10.10"]
[SourceQuality "1"]
[WhiteTeam "Leiden LSG"]
[BlackTeam "Paul Keres"]
[WhiteTeamCountry "NED"]
[BlackTeamCountry "NED"]

1. c4 Nf6 2. Nc3 g6 3. Nf3 Bg7 4. g3 0-0 5. Bg2 d6 6. d4 Nc6 7. 0-0 e5 8. dxe5 Nxe5 9. Nxe5 dxe5 10. Qxd8 Rxd8 11. Bg5 Rd7 12. h3 c6 13. b3 h6 14. Be3 Bf8 15. Na4 Kg7 16. Rad1 Rxd1 17. Rxd1 Nd7 18. f4 exf4 19. Bd4+ Kg8 20. gxf4 Be7 21. e3 Kf8 22. Kf2 Ke8 23. e4 Nf8 24. Bc5 Ne6 25. Bxe7 Kxe7 26. Ke3 g5 27. f5 Nf4 28. Bf3 Rb8 29. h4 b5 30. cxb5 Rxb5 31. hxg5 hxg5 32. Bg4 f6 33. Rc1 Re5 34. Rh1 Ng2+ 35. Kd4 Nh4 36. Nc5 Kd6 37. b4 a5 38. a3 Re7 39. Rb1 axb4 40. Rxb4 Re5 41. Rc4 Nxf5+ 42. Bxf5 Bxf5 43. Nb7+ Kc7 44. Nc5 Bc8 45. Rc1 Kd6 46. Nd3 Ra5 47. Rc3 Ra4+ 48. Ke3 Ra5 49. Kd4 Ra4+ 50. Ke3 f5 51. exf5 Bxf5 52. Nc5 Rh4 53. Kf2 Rh2+ 54. Kg1 Rc2 55. Nb7+ Kc7 56. Rf3 Be6 57. Re3 Kxb7 58. Rxe6 Kb6 59. Kf1 Kb5 60. Re5+ Rc5 61. Re4 Rd5 62. Ke2 c5 63. a4+ Kb6 64. Ke3 Rd1 65. Rg4 Rd5 66. Re4 Rd6 67. Re5 g4 68. Rg5 Rd4 69. a5+ Kb5 70. a6 Ra4 71. Kd3 g3 72. Kc2 g2 73. Kb2 Rb4+ 74. Kc2 Kxa6 75. Rxg2 Kb5 76. Rg3 Rc4+ 77. Kb3 Ra4 78. Rh3 Rb4+ 79. Kc3 Ka4 80. Rh8 Rg4 81. Rb8 Rb4 82. Ra8+ Kb5 83. Rb8+ Kc6 84. Rxb4 cxb4+ 85. Kxb4 1/2-1/2

[Event "Bruges Masters op"]
[Site "Bruges"]
[Date "2023.08.17"]
[Round "8"]
[White "Muetsch, Annmarie"]
[Black "Ondersteijn, Niels"]
[Result "1/2-1/2"]
[WhiteElo "2203"]
[BlackElo "2375"]
[PlyCount "120"]
[EventDate "2023.08.12"]
[EventType "swiss"]
[EventRounds "9"]
[EventCountry "BEL"]
[SourceTitle "CBM 215 Extra"]
[Source "ChessBase"]
[SourceDate "2023.09.30"]
[SourceVersion "1"]
[SourceVersionDate "2023.09.30"]
[SourceQuality "1"]

1. e4 c5 2. Nf3 g6 3. c4 Nc6 4. d4 cxd4 5. Nxd4 Nf6 6. Nc3 d6 7. Be2 Nxd4 8. Qxd4 Bg7 9. Be3 0-0 10. Qd2 a5 11. 0-0 a4 12. Rac1 Qa5 13. f3 Be6 14. Nd5 Qxd2 15. Bxd2 Bxd5 16. cxd5 Nd7 17. Rc2 Nc5 18. Be3 h5 19. g3 Kh7 20. Kg2 b6 21. Bb5 Rfb8 22. Bc6 Ra7 23. Bb5 Ra5 24. Be2 Rc8 25. Bd2 Raa8 26. Be3 Bh6 27. Bxc5 bxc5 28. f4 Bg7 29. Bc4 Rcb8 30. b3 Rb4 31. e5 Kg8 32. Re2 axb3 33. axb3 Rb7 34. Rfe1 Rba7 35. Rf2 Ra1 36. Rxa1 Rxa1 37. Re2 Bh6 38. h4 Bg7 39. Kf2 Rh1 40. Kg2 Rd1 41. Kf2 Rc1 42. Kg2 Rc3 43. Kf2 Bf8 44. Kg2 Rc1 45. Kf2 Ra1 46. Kg2 f6 47. exd6 exd6 48. f5 Kf7 49. Bb5 gxf5 50. Be8+ Kg8 51. Bxh5 Rd1 52. Bf3 Rd3 53. Rb2 Bh6 54. Be2 Re3 55. Bc4 f4 56. gxf4 Bxf4 57. Rf2 Rg3+ 58. Kf1 Rg4 59. Rg2 Bg3 60. Ke2 Rg7 1/2-1/2

[Event "Bruges Masters op"]
[Site "Bruges"]
[Date "2023.08.16"]
[Round "7"]
[White "Ondersteijn, Niels"]
[Black "Bogner, Sebastian"]
[Result "1/2-1/2"]
[WhiteElo "2375"]
[BlackElo "2537"]
[PlyCount "89"]
[EventDate "2023.08.12"]
[EventType "swiss"]
[EventRounds "9"]
[EventCountry "BEL"]
[SourceTitle "CBM 215 Extra"]
[Source "ChessBase"]
[SourceDate "2023.09.30"]
[SourceVersion "1"]
[SourceVersionDate "2023.09.30"]
[SourceQuality "1"]

1. d4 Nf6 2. c4 e6 3. Nf3 d5 4. Nc3 Bb4 5. cxd5 exd5 6. Bg5 h6 7. Bh4 0-0 8. e3 Bf5 9. Be2 Nbd7 10. Nd2 c6 11. Qb3 Qb6 12. 0-0 Bd6 13. Rfc1 Rfb8 14. Bg3 Bxg3 15. hxg3 Qd8 16. Na4 h5 17. Nc5 Nxc5 18. dxc5 b6 19. Qa3 Bg4 20. Bd3 Nd7 21. cxb6 axb6 22. Qd6 Nc5 23. Qxd8+ Rxd8 24. Bc2 Na6 25. a3 c5 26. Bd1 b5 27. Bxg4 hxg4 28. Nb3 Rac8 29. Rc2 d4 30. exd4 c4 31. Nc5 Nxc5 32. dxc5 Rxc5 33. b3 Rd4 34. Rac1 Kf8 35. bxc4 Rcxc4 36. Rxc4 bxc4 37. Kf1 Ke7 38. Ke2 Re4+ 39. Kd2 Kd6 40. Kc3 Kc5 41. Rh1 f5 42. Rh8 Re2 43. Rc8+ Kd5 44. Rd8+ Kc5 45. Rc8+ 1/2-1/2

[Event "Bruges Masters op"]
[Site "Bruges"]
[Date "2023.08.15"]
[Round "6"]
[White "Victor, Julian"]
[Black "Ondersteijn, Niels"]
[Result "1/2-1/2"]
[WhiteElo "2107"]
[BlackElo "2375"]
[PlyCount "76"]
[EventDate "2023.08.12"]
[EventType "swiss"]
[EventRounds "9"]
[EventCountry "BEL"]
[SourceTitle "CBM 215 Extra"]
[Source "ChessBase"]
[SourceDate "2023.09.30"]
[SourceVersion "1"]
[SourceVersionDate "2023.09.30"]
[SourceQuality "1"]

1. d4 d6 2. e4 Nf6 3. Nc3 g6 4. Nf3 Bg7 5. Be2 0-0 6. 0-0 a6 7. a4 Nc6 8. d5 Nb4 9. a5 e6 10. Re1 exd5 11. exd5 c6 12. Bc4 Bf5 13. Nd4 Bg4 14. f3 cxd5 15. Bb3 Bd7 16. Bg5 h6 17. Bh4 Qc7 18. Kh1 g5 19. Bf2 Rae8 20. Rxe8 Rxe8 21. Qd2 Be6 22. Nce2 Nc6 23. Ng3 Qc8 24. Ba4 Bd7 25. c3 Ne5 26. Bxd7 Qxd7 27. Ndf5 Nc6 28. Be3 Re5 29. Nxg7 Kxg7 30. f4 Ne4 31. Nxe4 Rxe4 32. fxg5 h5 33. Rf1 Qe6 34. Rf6 Qe5 35. Rf3 Ra4 36. Qd1 Re4 37. Qd2 Ra4 38. Qd1 Re4 1/2-1/2

[Event "Bruges Masters op"]
[Site "Bruges"]
[Date "2023.08.13"]
[Round "3"]
[White "Ondersteijn, Niels"]
[Black "De Boer, Bas"]
[Result "1/2-1/2"]
[WhiteElo "2375"]
[BlackElo "2155"]
[PlyCount "111"]
[EventDate "2023.08.12"]
[EventType "swiss"]
[EventRounds "9"]
[EventCountry "BEL"]
[SourceTitle "CBM 215 Extra"]
[Source "ChessBase"]
[SourceDate "2023.09.30"]
[SourceVersion "1"]
[SourceVersionDate "2023.09.30"]
[SourceQuality "1"]

1. e4 e5 2. Nc3 Nf6 3. Bc4 Nc6 4. d3 Na5 5. Bb3 Nxb3 6. axb3 d5 7. Nf3 d4 8. Ne2 Bd6 9. c3 dxc3 10. bxc3 0-0 11. 0-0 Re8 12. Ng3 c6 13. Re1 Bc7 14. h3 h6 15. Nh4 Kh7 16. Qf3 Be6 17. Nhf5 Ng8 18. Qe2 g6 19. Ne3 Re7 20. Qc2 Rd7 21. Rd1 a5 22. c4 b5 23. Bb2 f6 24. Ne2 Bb6 25. Bc1 Bf7 26. Kh1 a4 27. bxa4 bxc4 28. dxc4 Rxd1+ 29. Nxd1 Bxc4 30. Qxc4 Qxd1+ 31. Kh2 Qd7 32. Be3 Bxe3 33. fxe3 Kg7 34. Nc3 Ra7 35. Rd1 Qf7 36. Qc5 Rd7 37. Qxc6 Rc7 38. Qb5 Rxc3 39. Rd7 Ne7 40. Qb4 Rc4 41. Qb7 Kf8 42. a5 Qe8 43. a6 Rb4 44. Qc7 Rc4 45. Qb7 Rb4 46. Qa7 Rc4 47. Rd6 Rc6 48. Rxc6 Nxc6 49. Qb7 Kg8 50. Kg3 Qe6 51. a7 Nxa7 52. Qxa7 h5 53. Kf3 Qb3 54. Qa8+ Kg7 55. Qd8 Qf7 56. Qd6 1/2-1/2

[Event "Utrecht OKU op 48th"]
[Site "Utrecht"]
[Date "2023.05.21"]
[Round "6"]
[White "Smeets, Kobe"]
[Black "Ondersteijn, Niels"]
[Result "1-0"]
[WhiteElo "2104"]
[BlackElo "2375"]
[PlyCount "97"]
[EventDate "2023.05.19"]
[EventType "swiss"]
[EventRounds "6"]
[EventCountry "NED"]
[SourceTitle "CBM 214 Extra"]
[Source "ChessBase"]
[SourceDate "2023.07.31"]
[SourceVersion "1"]
[SourceVersionDate "2023.07.31"]
[SourceQuality "1"]

1. e4 c5 2. Nf3 g6 3. c4 Nc6 4. d4 cxd4 5. Nxd4 Nf6 6. Nc3 d6 7. Be2 Nxd4 8. Qxd4 Bg7 9. Be3 0-0 10. Qd3 a5 11. 0-0 a4 12. Rac1 Be6 13. Bd4 Nd7 14. Nb5 Nc5 15. Qe3 Qb6 16. Kh1 Bd7 17. Rc2 Rfc8 18. Rfc1 Bc6 19. Bxg7 Kxg7 20. e5 Be4 21. Rd2 dxe5 22. Nc3 Bc6 23. Qxe5+ Kg8 24. Qxe7 Re8 25. Qg5 Ra5 26. Qg3 Ne6 27. Nd5 Bxd5 28. cxd5 Nd4 29. Bc4 Nf5 30. Qf4 Rc5 31. Rcd1 Qb4 32. b3 axb3 33. axb3 b5 34. d6 bxc4 35. d7 Rd8 36. Re2 Qb5 37. Qe4 Ng7 38. Qe7 Qb6 39. Rd6 Qb8 40. Rf6 Rf8 41. Qxc5 cxb3 42. Qd6 Qa8 43. Re1 Ne6 44. Rfxe6 fxe6 45. Qxe6+ Kg7 46. Qxb3 Rxf2 47. Qc3+ Kf7 48. Qc4+ Kf6 49. Qd4+ 1-0

[Event "Utrecht OKU op 48th"]
[Site "Utrecht"]
[Date "2023.05.20"]
[Round "3"]
[White "Abdulla, Murad"]
[Black "Ondersteijn, Niels"]
[Result "1/2-1/2"]
[WhiteElo "2307"]
[BlackElo "2375"]
[PlyCount "72"]
[EventDate "2023.05.19"]
[EventType "swiss"]
[EventRounds "6"]
[EventCountry "NED"]
[SourceTitle "CBM 214 Extra"]
[Source "ChessBase"]
[SourceDate "2023.07.31"]
[SourceVersion "1"]
[SourceVersionDate "2023.07.31"]
[SourceQuality "1"]

1. e4 g6 2. d4 Bg7 3. Nc3 c5 4. Nge2 cxd4 5. Nxd4 Nc6 6. Be3 Nf6 7. Nb3 0-0 8. Be2 a5 9. a4 Nb4 10. 0-0 d5 11. exd5 Nfxd5 12. Nxd5 Nxd5 13. Bd4 Bxd4 14. Qxd4 e5 15. Qc5 b6 16. Qc6 Ra7 17. Rfd1 Rd7 18. Bf3 Nb4 19. Rxd7 Bxd7 20. Qd6 e4 21. Be2 Be6 22. Rd1 Qxd6 23. Rxd6 Nxc2 24. Nd2 e3 25. fxe3 Nxe3 26. Rxb6 Rc8 27. Kf2 Nd5 28. Rb5 Rc2 29. Ke1 Kg7 30. Bf3 Ne3 31. Be4 Rc1+ 32. Ke2 Nd1 33. Nb3 Rc4 34. Nd2 Rc1 35. Nb3 Rc4 36. Nd2 Rc1 1/2-1/2

[Event "Utrecht OKU op 48th"]
[Site "Utrecht"]
[Date "2023.05.20"]
[Round "4"]
[White "Ondersteijn, Niels"]
[Black "Sekandar, Kambiz"]
[Result "0-1"]
[WhiteElo "2375"]
[BlackElo "2249"]
[PlyCount "88"]
[EventDate "2023.05.19"]
[EventType "swiss"]
[EventRounds "6"]
[EventCountry "NED"]
[SourceTitle "CBM 214 Extra"]
[Source "ChessBase"]
[SourceDate "2023.07.31"]
[SourceVersion "1"]
[SourceVersionDate "2023.07.31"]
[SourceQuality "1"]

1. d4 d5 2. c4 dxc4 3. e3 b5 4. a4 b4 5. Qf3 c6 6. Bxc4 Nf6 7. Ne2 Bb7 8. a5 a6 9. e4 e6 10. Bg5 Be7 11. Bxf6 Bxf6 12. e5 Be7 13. Nd2 Nd7 14. Nf4 Nf8 15. Nb3 Ng6 16. Nd3 Rb8 17. Qg4 h5 18. Qe2 c5 19. dxc5 Bxg2 20. Rg1 Bd5 21. Rc1 0-0 22. Nd2 Bg5 23. Rxg5 Qxg5 24. Bxd5 exd5 25. Nf3 Qg4 26. Qe3 Rfe8 27. Kd2 d4 28. Nxd4 Rbd8 29. Rc4 Rd5 30. f4 Red8 31. c6 Qg2+ 32. Qe2 Qxe2+ 33. Kxe2 Rxd4 34. c7 Rxd3 35. c8Q Nxf4+ 36. Rxf4 Rd2+ 37. Ke3 Rxc8 38. Kxd2 b3 39. Rb4 Rc2+ 40. Kd3 Rxb2 41. Rb6 Rxh2 42. Rxa6 Ra2 43. Kc3 b2 44. Kc2 h4 0-1

[Event "Wachtebeke"]
[Site "Wachtebeke"]
[Date "2023.02.21"]
[Round "6"]
[White "Ondersteijn, Niels"]
[Black "De Waele, Warre"]
[Result "0-1"]
[WhiteElo "2390"]
[BlackElo "2304"]
[PlyCount "88"]
[EventDate "2023.02.18"]
[EventType "tourn"]
[EventRounds "9"]
[EventCountry "BEL"]
[EventCategory "4"]
[SourceTitle "CBM 212 Extra"]
[Source "ChessBase"]
[SourceDate "2023.03.31"]
[SourceVersion "1"]
[SourceVersionDate "2023.03.31"]
[SourceQuality "1"]

1. e4 e5 2. Nc3 Nf6 3. Bc4 Nc6 4. d3 Bc5 5. f4 d6 6. Nf3 exf4 7. Bxf4 0-0 8. d4 Bb4 9. Bg5 h6 10. Bxf6 Qxf6 11. 0-0 Bxc3 12. bxc3 Qg6 13. Qd2 Ne7 14. Rae1 Be6 15. Bd3 Qh5 16. c4 f6 17. Kh1 c5 18. e5 dxe5 19. dxe5 f5 20. Rb1 b6 21. a4 Nc6 22. Qc3 Rad8 23. Nd2 Qg4 24. Nb3 Nb4 25. a5 f4 26. axb6 axb6 27. Nd2 Nxd3 28. cxd3 Qe2 29. Nf3 Rxd3 30. Qc1 Bh3 31. Nh4 Rd2 32. Qxd2 Qxd2 33. gxh3 Qe2 34. Rbe1 Qxc4 35. e6 Qd5+ 36. Nf3 Re8 37. Re5 Qd3 38. Rf2 c4 39. e7 c3 40. Ne1 Qd4 41. Rfe2 f3 42. Nxf3 Qd1+ 43. Ne1 b5 44. Kg2 b4 0-1

[Event "NED-chT 2223"]
[Site "Netherlands"]
[Date "2023.02.11"]
[Round "6.8"]
[White "Baltic, Fatih"]
[Black "Ondersteijn, Niels"]
[Result "1-0"]
[WhiteElo "2277"]
[BlackElo "2382"]
[PlyCount "105"]
[EventDate "2022.09.17"]
[EventType "team-tourn"]
[EventRounds "9"]
[EventCountry "NED"]
[SourceTitle "EXT 2024"]
[Source "ChessBase"]
[SourceDate "2023.10.10"]
[SourceVersion "1"]
[SourceVersionDate "2023.10.10"]
[SourceQuality "1"]
[WhiteTeam "Zuid Limburg"]
[BlackTeam "Paul Keres"]
[WhiteTeamCountry "NED"]
[BlackTeamCountry "NED"]

1. Nf3 d6 2. d4 Nf6 3. g3 g6 4. b3 Bg7 5. Bb2 a5 6. a4 0-0 7. Bg2 d5 8. 0-0 Ne4 9. Nfd2 f5 10. c4 c6 11. cxd5 cxd5 12. Na3 Ra6 13. Nf3 g5 14. Ne5 Rh6 15. f3 Nd6 16. f4 gxf4 17. Rxf4 Ne4 18. Qd3 Nc6 19. Nxc6 bxc6 20. Rc1 Qb6 21. Bxe4 dxe4 22. Qc4+ Be6 23. Qc3 Rb8 24. Rb1 Rh5 25. Ba1 Qa6 26. Rf2 Bd5 27. Nc2 e6 28. Ne3 Bh6 29. Nxd5 cxd5 30. e3 Rc8 31. Qd2 Rg5 32. Bc3 Rg4 33. Bxa5 Bxe3 34. Qxe3 Qxa5 35. Rc1 Rxc1+ 36. Qxc1 h5 37. Qc8+ Kf7 38. Rc2 Kf6 39. Qf8+ Kg6 40. Qe8+ Kf6 41. Qxh5 Qe1+ 42. Kg2 Qe3 43. Rc8 Qxd4 44. Qh8+ Rg7 45. Rc7 Qb2+ 46. Kh3 Kg6 47. Qxg7+ Qxg7 48. Rxg7+ Kxg7 49. a5 d4 50. Kg2 d3 51. Kf1 e5 52. a6 f4 53. gxf4 1-0

[Event "NED-chT 2223"]
[Site "Netherlands"]
[Date "2022.11.05"]
[Round "3.6"]
[White "Ondersteijn, Niels"]
[Black "Ijzermans, Gijs"]
[Result "1-0"]
[WhiteElo "2382"]
[BlackElo "2103"]
[PlyCount "53"]
[EventDate "2022.09.17"]
[EventType "team-tourn"]
[EventRounds "9"]
[EventCountry "NED"]
[SourceTitle "CBM 213 Extra"]
[Source "ChessBase"]
[SourceDate "2023.05.31"]
[SourceVersion "1"]
[SourceVersionDate "2023.05.31"]
[SourceQuality "1"]
[WhiteTeam "Paul Keres"]
[BlackTeam "Amstelveen Zukertort"]
[WhiteTeamCountry "NED"]
[BlackTeamCountry "NED"]

1. d4 Nf6 2. c4 c5 3. d5 b5 4. Qc2 bxc4 5. e4 e6 6. Nc3 exd5 7. exd5 d6 8. Bxc4 Be7 9. Nf3 0-0 10. h3 Nbd7 11. 0-0 Nb6 12. b3 Rb8 13. Re1 Nxc4 14. bxc4 Qd7 15. Bg5 h6 16. Bh4 Ba6 17. Rxe7 Qxe7 18. Re1 Qd7 19. Bxf6 gxf6 20. Ne4 Qf5 21. Qc3 Kg7 22. Ng3 Qg6 23. Nh4 Qh7 24. Nh5+ Kh8 25. Qxf6+ Kg8 26. Nf5 Rfe8 27. Nxh6+ 1-0

[Event "EU-Cup 37th"]
[Site "Mayrhofen"]
[Date "2022.10.06"]
[Round "4.4"]
[White "Ondersteijn, Niels"]
[Black "Postny, Evgeny"]
[Result "0-1"]
[WhiteElo "2382"]
[BlackElo "2573"]
[PlyCount "114"]
[EventDate "2022.10.03"]
[EventType "team-swiss"]
[EventRounds "7"]
[EventCountry "AUT"]
[SourceTitle "CBM 210 Extra"]
[Source "ChessBase"]
[SourceDate "2022.11.30"]
[SourceVersion "1"]
[SourceVersionDate "2022.11.30"]
[SourceQuality "1"]
[WhiteTeam "Paul Keres"]
[BlackTeam "Beer Sheva"]
[WhiteTeamCountry "NED"]
[BlackTeamCountry "ISR"]

1. d4 Nf6 2. c4 e6 3. Nf3 b6 4. g3 Bb4+ 5. Bd2 Bxd2+ 6. Qxd2 Ba6 7. b3 d5 8. cxd5 Ne4 9. Qc2 exd5 10. Bg2 0-0 11. 0-0 c5 12. Nc3 Nxc3 13. Qxc3 Bxe2 14. Rfe1 Bxf3 15. Qxf3 Na6 16. dxc5 Nxc5 17. Qxd5 Rc8 18. Rad1 Qf6 19. Qd4 Qxd4 20. Rxd4 Rc7 21. h4 g6 22. Red1 Kg7 23. Bf1 Re8 24. b4 Ne6 25. Rd6 Nf8 26. a4 Re4 27. R6d4 Rxd4 28. Rxd4 Ne6 29. Rd6 Kf6 30. Rd5 Ke7 31. Bb5 Rc1+ 32. Bf1 Rb1 33. b5 Ra1 34. h5 Rxa4 35. Bh3 f5 36. Rd1 Rd4 37. Ra1 Rd7 38. Bf1 gxh5 39. Bc4 Rc7 40. Be2 Nd4 41. Bd3 Kf6 42. Kg2 h4 43. Ra4 Ke5 44. gxh4 Ne6 45. Kh2 Nc5 46. Rc4 Rd7 47. f4+ Ke6 48. Bf1 Rd2+ 49. Kg1 Kd5 50. Rc1 Ke4 51. Bh3 Kxf4 52. Rf1+ Kg3 53. Bxf5 Rg2+ 54. Kh1 Rh2+ 55. Kg1 Rxh4 56. Re1 h6 57. Bc2 Rc4 0-1

[Event "Utrecht Keres Memorial"]
[Site "Utrecht"]
[Date "2022.05.27"]
[Round "1"]
[White "Wagenvoorde, Guido"]
[Black "Ondersteijn, Niels"]
[Result "1/2-1/2"]
[WhiteElo "2090"]
[BlackElo "2376"]
[PlyCount "106"]
[EventDate "2022.05.27"]
[EventType "swiss"]
[EventRounds "6"]
[EventCountry "NED"]
[SourceTitle "CBM 208 Extra"]
[Source "ChessBase"]
[SourceDate "2022.07.31"]
[SourceVersion "1"]
[SourceVersionDate "2022.07.31"]
[SourceQuality "1"]

1. d4 Nf6 2. c4 g6 3. Nc3 d5 4. cxd5 Nxd5 5. e4 Nxc3 6. bxc3 c5 7. Be3 Bg7 8. Qd2 cxd4 9. cxd4 Nc6 10. Rd1 0-0 11. h3 e5 12. d5 Nd4 13. Bd3 f5 14. Ne2 Nxe2 15. Qxe2 f4 16. Bd2 f3 17. gxf3 Qh4 18. Qe3 Bd7 19. Be2 h6 20. Qb3 b6 21. Be3 Rf6 22. Rc1 Bf8 23. Rc7 Rd6 24. Kd2 Be7 25. Qc3 Rxd5+ 26. Ke1 Kf8 27. Bxh6+ Ke8 28. Bg5 Qxg5 29. exd5 a5 30. a3 Bc5 31. h4 Qe7 32. h5 Qd6 33. Rxd7 Kxd7 34. Bb5+ Kc7 35. hxg6 Qxg6 36. Qxe5+ Bd6 37. Qc3+ Bc5 38. d6+ Kb7 39. Bd3 Re8+ 40. Kd2 Qxd6 41. Rh7+ Kb8 42. Qg7 Qf4+ 43. Kc2 Qa4+ 44. Kd2 Qf4+ 45. Kc2 Re7 46. Qg8+ Ka7 47. Be4 Qb8 48. Rxe7+ Bxe7 49. Qxb8+ Kxb8 50. a4 Bc5 51. Kd3 Bxf2 52. f4 Kc7 53. Kc4 Kd6 1/2-1/2

[Event "Bruges Masters op"]
[Site "Bruges"]
[Date "2021.08.18"]
[Round "7"]
[White "Carlstedt, Jonathan"]
[Black "Ondersteijn, Niels"]
[Result "1-0"]
[WhiteElo "2442"]
[BlackElo "2376"]
[PlyCount "116"]
[EventDate "2021.08.14"]
[EventType "swiss"]
[EventRounds "9"]
[EventCountry "BEL"]
[SourceTitle "CBM 203 Extra"]
[Source "ChessBase"]
[SourceDate "2021.09.30"]
[SourceVersion "1"]
[SourceVersionDate "2021.09.30"]
[SourceQuality "1"]

1. d4 Nf6 2. Nf3 g6 3. g3 c5 4. dxc5 Qa5+ 5. Nc3 Bg7 6. Bd2 Qxc5 7. Bg2 d5 8. Be3 Qa5 9. 0-0 Nc6 10. Nd4 0-0 11. Nb3 Qd8 12. Bc5 Re8 13. Ba3 Ne5 14. Nxd5 Nxd5 15. Qxd5 Qxd5 16. Bxd5 e6 17. Bg2 Nc4 18. Bc5 Nxb2 19. a4 Bd7 20. a5 Bc6 21. Bxc6 bxc6 22. a6 Reb8 23. Ra2 Rb5 24. Rb1 Nc4 25. Rd1 Bf8 26. Bxf8 Kxf8 27. Rd7 Ke8 28. Rc7 Nd6 29. Ra4 Kd8 30. Rxc6 Kd7 31. Rc3 Rc8 32. Rxc8 Kxc8 33. Kf1 Kc7 34. e4 e5 35. Ke2 Kb6 36. Kd3 Ne8 37. Ra3 Kc6 38. Na5+ Kd7 39. Nc4 Nc7 40. Ra1 f6 41. h4 Rc5 42. h5 gxh5 43. Ne3 Ke6 44. c4 Rc6 45. Nd5 Ne8 46. f4 exf4 47. gxf4 Nd6 48. Ne3 h4 49. Kd4 h3 50. Rh1 Rxa6 51. Rxh3 Ra2 52. f5+ Kd7 53. Rxh7+ Kc6 54. Rh4 a5 55. Nd5 Rd2+ 56. Kc3 Rd1 57. Nxf6 Rc1+ 58. Kd3 Rxc4 1-0

[Event "Cannes op 34th"]
[Site "Cannes"]
[Date "2020.02.18"]
[Round "3"]
[White "Barseghyan, Harutyun"]
[Black "Ondersteijn, Niels"]
[Result "1-0"]
[WhiteElo "2448"]
[BlackElo "2389"]
[PlyCount "119"]
[EventDate "2020.02.17"]
[EventType "swiss"]
[EventRounds "9"]
[EventCountry "FRA"]
[SourceTitle "CBM 195 Extra"]
[Source "ChessBase"]
[SourceDate "2020.05.31"]
[SourceVersion "1"]
[SourceVersionDate "2020.05.31"]
[SourceQuality "1"]

1. d4 Nf6 2. Nf3 g6 3. Nbd2 c5 4. dxc5 Qa5 5. a3 Qxc5 6. b4 Qc7 7. Bb2 Bg7 8. c4 0-0 9. e3 a5 10. Be2 d6 11. 0-0 Bg4 12. h3 Bxf3 13. Bxf3 axb4 14. axb4 Rxa1 15. Qxa1 Na6 16. Bc3 Rc8 17. Rb1 Ne8 18. Bd4 Nb8 19. c5 dxc5 20. bxc5 Nc6 21. Bxg7 Nxg7 22. Nc4 Ne6 23. Rb5 Rb8 24. Bd5 Ncd8 25. Qa7 Rc8 26. Nb6 Nc6 27. Qa1 Rd8 28. Bxe6 fxe6 29. Nc4 Rd5 30. f4 Nd8 31. Qa5 Qxa5 32. Nxa5 b6 33. c6 Nxc6 34. Rxd5 Nxa5 35. Rb5 Nc4 36. Kf2 h5 37. Rb4 b5 38. Rxb5 Nd6 39. Re5 Kf7 40. e4 Nc4 41. Rc5 Nd6 42. Ke3 Ne8 43. g3 Nf6 44. Kd4 Nh7 45. Rc8 Kg7 46. Re8 Kf7 47. Rd8 Kg7 48. g4 hxg4 49. hxg4 g5 50. Ke5 gxf4 51. Kxf4 Kf6 52. g5+ Kf7 53. Kg4 Kg6 54. Rg8+ Kf7 55. Rd8 Kg6 56. Ra8 Kf7 57. Kh5 Nf8 58. Rxf8+ Kxf8 59. Kg6 e5 60. Kh7 1-0

[Event "Prague Summer op-A 6th"]
[Site "Prague"]
[Date "2019.08.05"]
[Round "5"]
[White "Thakur, Akash"]
[Black "Ondersteijn, Niels"]
[Result "1-0"]
[WhiteElo "2273"]
[BlackElo "2397"]
[PlyCount "83"]
[EventDate "2019.08.02"]
[EventType "swiss"]
[EventRounds "9"]
[EventCountry "CZE"]
[SourceTitle "CBM 191 Extra"]
[Source "ChessBase"]
[SourceDate "2019.09.30"]
[SourceVersion "1"]
[SourceVersionDate "2019.09.30"]
[SourceQuality "1"]

1. e4 e5 2. Nf3 d6 3. d4 exd4 4. Nxd4 Nf6 5. Nc3 Be7 6. Be2 0-0 7. 0-0 Re8 8. Re1 Bf8 9. Bf1 Nbd7 10. Bg5 c6 11. Qd2 h6 12. Bh4 Ne5 13. f3 g5 14. Bf2 Nh5 15. Rad1 Qf6 16. Nce2 Bd7 17. Ng3 Nf4 18. Be3 h5 19. Ndf5 h4 20. Bxf4 gxf4 21. Ne2 Bxf5 22. exf5 d5 23. Kh1 Nc4 24. Qxf4 Ne3 25. Ng3 Nxd1 26. Nh5 Qh6 27. Qxh6 Bxh6 28. Nf6+ Kf8 29. Nxe8 Ne3 30. Nf6 Nxc2 31. Nd7+ Kg8 32. Re7 Bg5 33. f6 Rd8 34. f4 Bxf4 35. Bd3 Ne3 36. Bg6 Ng4 37. Bxf7+ Kh8 38. Bg6 Nh6 39. Rh7+ Kg8 40. f7+ Nxf7 41. Nf6+ Kf8 42. Rxf7# 1-0

[Event "Prague Summer op-A 6th"]
[Site "Prague"]
[Date "2019.08.04"]
[Round "3"]
[White "Henriksen, Geir Ivar"]
[Black "Ondersteijn, Niels"]
[Result "0-1"]
[WhiteElo "2154"]
[BlackElo "2397"]
[PlyCount "46"]
[EventDate "2019.08.02"]
[EventType "swiss"]
[EventRounds "9"]
[EventCountry "CZE"]
[SourceTitle "CBM 191 Extra"]
[Source "ChessBase"]
[SourceDate "2019.09.30"]
[SourceVersion "1"]
[SourceVersionDate "2019.09.30"]
[SourceQuality "1"]

1. c4 c5 2. g3 g6 3. Bg2 Bg7 4. Nc3 Nc6 5. Nf3 d6 6. 0-0 e5 7. d3 Nge7 8. a3 0-0 9. Rb1 a5 10. Ne1 Be6 11. Nc2 d5 12. cxd5 Nxd5 13. Nxd5 Bxd5 14. Bxd5 Qxd5 15. a4 Rfd8 16. Bg5 Rd7 17. Ne3 Qe6 18. Nc2 Re8 19. Be3 e4 20. Bxc5 Rd5 21. Be3 Qh3 22. f4 exf3 23. exf3 Ne5 0-1

[Event "Utrecht OKU op 46th"]
[Site "Utrecht"]
[Date "2019.06.02"]
[Round "5"]
[White "Beerdsen, Thomas"]
[Black "Ondersteijn, Niels"]
[Result "1-0"]
[WhiteElo "2488"]
[BlackElo "2395"]
[PlyCount "71"]
[EventDate "2019.05.31"]
[EventType "swiss"]
[EventRounds "6"]
[EventCountry "NED"]
[SourceTitle "CBM 190 Extra"]
[Source "ChessBase"]
[SourceDate "2019.07.15"]
[SourceVersion "1"]
[SourceVersionDate "2019.07.15"]
[SourceQuality "1"]

1. e4 e5 2. Nf3 d6 3. d4 exd4 4. Nxd4 Nf6 5. Nc3 Be7 6. g3 d5 7. e5 Ng4 8. Bg2 0-0 9. 0-0 c5 10. Ndb5 d4 11. Nd5 Nc6 12. f4 Nh6 13. Bd2 a6 14. Nxe7+ Qxe7 15. Nd6 Bg4 16. Qe1 f6 17. b4 cxb4 18. Bxb4 fxe5 19. Bxc6 bxc6 20. Nf5 Qd7 21. Nxh6+ gxh6 22. Bxf8 Rxf8 23. fxe5 Bf5 24. Rf4 Rf7 25. Qb4 d3 26. cxd3 Qxd3 27. Re1 Qd5 28. Ref1 Be6 29. Rxf7 Bxf7 30. Qg4+ Kh8 31. Rd1 Qxe5 32. Rd8+ Be8 33. Qd4 Qxd4+ 34. Rxd4 Bg6 35. Kf2 Kg7 36. Ke3 1-0